logo

Bir Sreshtho Munshi Abdur Rouf Library
Jhenaidah Cadet College

Nuffield physics Teachers' guide / (Record no. 8790)

MARC details
000 -LEADER
fixed length control field 00562nam a2200205 a 4500
001 - CONTROL NUMBER
JCCL Control Number 8790
003 - CONTROL NUMBER IDENTIFIER
JCCL marc code BD-JhCC
005 - DATE AND TIME OF LATEST TRANSACTION
control field 20180304081015.0
008 - FIXED-LENGTH DATA ELEMENTS--GENERAL INFORMATION
fixed length control field 180304s1967 uk a|||| |||| 001 0 eng d
035 ## - SYSTEM CONTROL NUMBER
system control number (BD-JhCC)8790
040 ## - CATALOGING SOURCE
Original cataloging agency BD-JhCC
Modifying agency BD-JhCC
041 ## - LANGUAGE CODE
Language code of Book eng
082 ## - DEWEY DECIMAL CLASSIFICATION NUMBER
Classification number 530
Author mark and Year NUF 1967
245 ## - TITLE STATEMENT
Title Nuffield physics Teachers' guide /
Statement of responsibility, etc Nuffield Foundation
260 ## - PUBLICATION, DISTRIBUTION, ETC. (IMPRINT)
Place of publication, distribution, etc London :
Name of publisher, distributor, etc Penguin Book Ltd,
Date of publication, distribution, etc 1967
300 ## - PHYSICAL DESCRIPTION
Pagination various pages :
Other physical details ill. ;
Dimensions 20 cm.
650 ## - SUBJECT ADDED ENTRY--TOPICAL TERM
Topical term or geographic name as entry element Physics
Form subdivision Study and teaching
710 ## - ADDED ENTRY--CORPORATE NAME
Corporate name or jurisdiction name as entry element Nuffield Foundation
942 ## - ADDED ENTRY ELEMENTS (KOHA)
Source of classification or shelving scheme Dewey Decimal Classification
Koha item type Books
Holdings
Source of classification or shelving scheme volume number Damaged status Not for loan Home library Current library Shelving location Date of accession Total Checkouts Full call number Barcode Date last seen Copy number Koha item type Date checked out
Dewey Decimal Classification V-1     JCC Rouf Library JCC Rouf Library General Stacks 03/04/2018   530 NUF 1967 11691 03/04/2018 C-1 Books  
Dewey Decimal Classification V-2     JCC Rouf Library JCC Rouf Library General Stacks 03/04/2018 1 530 NUF 1967 11640 07/30/2024 C-2 Books 07/27/2024
Dewey Decimal Classification V-3     JCC Rouf Library JCC Rouf Library General Stacks 03/04/2018   530 NUF 1967 11692 03/04/2018 C-3 Books  

JCC Library | Contacts | JCC Home

Last Update on 23 September 2017
Copyright @ 2017-2020 JCC Rouf Library
Rouf Library, Jhenidah Cadet College (JCC), Bangladesh